| 000 | 00383nam a2200145Ia 4500 | ||
|---|---|---|---|
| 008 | 210716s1967 xx 000 0 und d | ||
| 041 | _aeng | ||
| 082 | _a337 SNID | ||
| 100 | _aSnider, Delbert A. | ||
| 245 | _aIntroduction to international economics. | ||
| 250 | _a1 | ||
| 260 |
_aHomewood _bRichard D Irwin, Inc _c1967 |
||
| 300 | _axvii,476 | ||
| 650 | _aInternational Economics | ||
| 999 |
_c202204 _d202204 |
||